| 000 | 00536nam a22001577a 4500 | ||
|---|---|---|---|
| 020 | _qHard Cover. | ||
| 082 | _a620.005 | ||
| 100 | _aAshfaq, Asad | ||
| 245 |
_aWASTE HEAT RECOVERY (WHR), ITS IMPLEMENTATION & IMPACT ON CEMENT INDUSTRY OF PAKISTAN / _cAsad Ashfaq |
||
| 260 |
_aIslamabad : _bCEME - NUST, _c2013. |
||
| 300 |
_axvi, 93 p. : ill. ; _c30cm. |
||
| 650 |
_aEngineering Management-MS-Thesis _916065 |
||
| 700 |
_aDr. Mujtaba Hassan Agha _934413 |
||
| 942 |
_2ddc _cTHE |
||
| 999 |
_c540409 _d540409 |
||